[Event "Extremadura-chT"]
[Site "Spain"]
[Date "2009.03.14"]
[Round "8.1"]
[White "Gutierrez Leon, Cristobal"]
[Black "Hidalgo Bermejo, Dionisio"]
[Result "1-0"]
[WhiteElo "1929"]
[BlackElo "2045"]
[PlyCount "101"]
[EventDate "2009.01.17"]
[EventType "team-swiss"]
[EventRounds "9"]
[EventCountry "ESP"]
[SourceTitle "EXT 2011"]
[Source "ChessBase"]
[SourceDate "2010.11.26"]
[SourceVersion "1"]
[SourceVersionDate "2010.11.26"]
[SourceQuality "1"]
[WhiteTeam "Albatros"]
[BlackTeam "Casareno"]
[WhiteTeamCountry "ESP"]
[BlackTeamCountry "ESP"]

1. Nf3 Nf6 2. b3 d6 3. e3 g6 4. c4 Bg7 5. Bb2 0-0 6. Be2 Nc6 7. 0-0 e5 8. d4 exd4 9. Nxd4 Bd7 10. Nd2 Re8 11. Nxc6 Bxc6 12. Nf3 Qe7 13. Nd4 Be4 14. Nb5 a6 15. Nc3 Bc6 16. Qc2 Qe6 17. Rad1 Be4 18. Nxe4 Nxe4 19. Bxg7 Kxg7 20. Bf3 f5 21. Bxe4 Qxe4 22. Qc3+ Qe5 23. Qc2 b6 24. Rd5 Qf6 25. b4 a5 26. bxa5 Rxa5 27. Rxa5 bxa5 28. c5 Rd8 29. cxd6 Qxd6 30. Qc3+ Kh6 31. Qxa5 c5 32. h3 c4 33. Rc1 Rc8 34. Qc3 Qa6 35. Rc2 Qc6 36. Rd2 Rb8 37. Rd4 Rb1+ 38. Kh2 Qc7+ 39. f4 Qb7 40. Rxc4 Rb2 41. Rc6 Rxa2 42. Qf6 Ra7 43. Re6 Qf7 44. Qe5 Qg7 45. Qxf5 Qf7 46. Rf6 Qe7 47. Re6 Qf7 48. Qe5 Rb7 49. f5 Qc7 50. Rd6 Rb6 51. Rxg6+ 1-0

[Event "Extremadura-chT"]
[Site "Spain"]
[Date "2008.02.23"]
[Round "6.1"]
[White "Van den Berg, Imme Pieter"]
[Black "Hidalgo Bermejo, Dionisio"]
[Result "0-1"]
[WhiteElo "2014"]
[BlackElo "2038"]
[PlyCount "80"]
[EventDate "2008.01.19"]
[EventType "team-swiss"]
[EventRounds "9"]
[EventCountry "ESP"]
[SourceTitle "EXT 2011"]
[Source "ChessBase"]
[SourceDate "2010.11.26"]
[SourceVersion "1"]
[SourceVersionDate "2010.11.26"]
[SourceQuality "1"]
[WhiteTeam "Tierra de Barros"]
[BlackTeam "Casareno"]
[WhiteTeamCountry "ESP"]
[BlackTeamCountry "ESP"]

1. Nf3 c5 2. c4 g6 3. d4 cxd4 4. Nxd4 Bg7 5. Nc3 Nc6 6. Nc2 d6 7. Bd2 Nf6 8. e4 0-0 9. Be2 Be6 10. 0-0 Rc8 11. Rc1 a6 12. b3 Nd7 13. Nd5 Nc5 14. f3 Bxd5 15. exd5 Nd4 16. Nxd4 Bxd4+ 17. Kh1 Bf6 18. b4 Nd7 19. Be3 Re8 20. Qb3 e6 21. dxe6 Rxe6 22. Bd1 Qe7 23. Bf2 Bg5 24. Rc3 Bd2 25. Rd3 Be1 26. Bg1 Bh4 27. g3 Bf6 28. f4 b5 29. cxb5 axb5 30. Bf3 h5 31. Bf2 h4 32. Rfd1 hxg3 33. hxg3 Kg7 34. Kg2 g5 35. f5 Re2 36. Rxd6 Rxf2+ 37. Kxf2 Rc3 38. Qd5 Qe3+ 39. Kg2 Ne5 40. Rf1 g4 0-1